LDR 00944naa#a2200181#i#450# 001 RU\\bibl\123840 005 20260630092134.2 011 ## _a2413-2527 100 ## _a20260624b2026####ek#y0rusy0150####ca 102 ## _aRU 200 1# _aКонтрастивное самообучение в системах мониторинга транспорта: практический подход к ранней детекции аномалий _eЖурнальная статья 210 1# _aСанкт-Петербург _cФГБОУ ВО "Петербургский государственный университет путей сообщения Императора Александра I" _d2026 215 ## _a8 с. 608 ## _aЖурнальная статья _2local 675 ## _aОбучение. 004.85 _z 700 #1 _aКоньков _gДмитрий Александрович 700 #1 _aБожко _gЛеся Михайловна 856 4# _aatjournal.ru _u